Statistics for Ed Sheeran - Subtract

Click here to take the quiz!

General Stats

  • This quiz has been taken 11 times
  • The average score is 11 of 14

Answer Stats

Song% Correct
Boat
100%
Salt Water
100%
End of Youth
90%
Eyes Closed
90%
The Hills of Aberfeldy
90%
Borderline
80%
Curtains
80%
Vega
80%
Colourblind
70%
Dusty
70%
Life Goes On
70%
No Strings
70%
Spark
70%
Sycamore
70%

Score Distribution

Percentile by Number Answered

Percent of People with Each Score

Your Score History

You have not taken this quiz